00737nam a2200241 a 4500001001300000003000900013005001700022008004100039020000800080082001800088100001400106245006000120260006000180300001000240500003500250505001400285650002100299700001400320902000800334942000700342952012900349999001700478nice12345678IN_TiNIC20260116015419.0141113s2011 bana grp 000 0 eng  ac000a369.1969bSAM aSamraj, S aAids in Indiab Who Cares Anyway? the Lasting Decisions aBangalore bCentre for Contemporary Christianity c2011 a215p  aincludes index and biblioraphy2 aannexures aAids and Society1 aSamraj, S bSRS cBK 001040708StackRoom-aHMIbHMId2005-01-01g0.00l1o369.1969 SAMp11002791r2019-08-09s2019-08-02v0.00w2014-11-13yBK c19603d19603